|
|
|
|
| LEADER |
00000cam a2200000 7i4500 |
| 001 |
0000022664 |
| 005 |
20100309.0 |
| 008 |
100309 at a e eng |
| 020 |
|
|
|a 9781428304086
|
| 040 |
|
|
|a INS
|
| 090 |
0 |
0 |
|a CD 383
|
| 100 |
1 |
|
|a Till, Steven
|
| 245 |
1 |
0 |
|a Exploring 3D animation with 3ds max 8 [
|h electronic resources]
|c Steven Till
|
| 260 |
|
|
|a Australia :
|b Thomson ,
|c 2007
|
| 300 |
|
|
|a 1 computer optical dics :
|b sd., col., ill. ;
|c 4 3/4 in.
|
| 440 |
|
0 |
|a Design exploring series
|
| 500 |
|
|
|a Includes index
|
| 650 |
0 |
0 |
|a 3Ds Max (Computer file)
|
| 650 |
0 |
0 |
|a Computer animation
|
| 650 |
0 |
0 |
|a Computer graphics
|
| 650 |
0 |
0 |
|a Three-dimension display systems
|
| 999 |
|
|
|a CD00000383
|b CD-ROM
|c Media Collection
|e Default branch
|